00509nam a2200181Ia 4500008004100000020001800041082000800059100002200067245003000089250000600119260003900125300001000164500002400174650001500198942000700213952009000220999001700310230524s9999 xx 000 0 und d a9788192679648 bKHA aA. R. Khan940624 4aThe Constitution of India a2 aNew DelhibAccess Publishingc2013 a272p; aQuantity Number: 1 aManagement cBK 00104070aTATCLbTATCLcGENd2023-05-24l0o KHAp52297r2023-05-24w2023-05-24yBK c54972d54972